| 000 | 01244nam a2200265Ia 4500 | ||
|---|---|---|---|
| 003 | OSt | ||
| 005 | 20220930095101.0 | ||
| 006 | a|||||r|||| 00| 0 | ||
| 007 | ta | ||
| 008 | 220926b |||||||| |||| 00| 0 san d | ||
| 024 | _a71496 | ||
| 037 | _cTheses | ||
| 040 |
_aCRL _cCRL _bsan |
||
| 041 |
_2san _asan |
||
| 100 | _aआर्य, कृष्ण, ले. | ||
| 110 | _aदिल्ली विश्वविद्यालय. कला संकाय. संस्कृत विभाग | ||
| 245 | 0 |
_aनैषधीयचरितम् की जीवातु और नारायणी टीकाओं में व्याकरण का अनुप्रयोग _b अष्टम सर्ग पर्यन्त |
|
| 246 | _aNaiṣhadhīyacharitam kī jīvātu aur nārāyaṇī ṭīkāoan mean vyākaraṇ kā anuprayoga: aṣhṭam sarga paryanta | ||
| 260 | _c2020 | ||
| 300 |
_a520पृ0 _ap. _ccm. |
||
| 650 | _aसंस्कृत साहित्य | ||
| 700 | _aदिल्ली विश्वविद्यालय. कला संकाय. संस्कृत विभाग | ||
| 942 |
_cDIS _2CC |
||
| 999 |
_c888298 _d888298 |
||